LDR 00868nam a2200205 4500 001 000000367056 003 CaOOAMICUS 005 20260327125431.0 008 260327s1916 it 000 u lat r 040 $aSeMil$bita 100 1 $aGauthey, Christophorus J.$0(OLS)http://semarc/name/124034 245 10$aSanctus Gaudentius Brixiensis Episcopus et Notarii /$cdomnus J. Christophorus Gauthey. 264 1$aBrescia :$bBrixia Sacra,$c1916. 300 $a25 p. ;$c25 cm 600 04$aGaudenzio : di Brescia
.$0(OLS)http://semarc/subject/15693 850 $aSeMil 852 $aSeMil$W1$xVenegono$y1$m5C VIII 9/13$j269234$B257788$CSeMilBibl$Z2$F257788 $8M 996 $6245$aSanctus Gaudentius Brixiensis Episcopus et Notarii$9(OLS)http://semarc/title/458880 996 $6264$aBrescia :$bBrixia Sacra$9(OLS)http://semarc/publisher/51302